| 000 | 00520cam a2200193ua 4500 | ||
|---|---|---|---|
| 020 | _c1295.00 | ||
| 041 |
_aeng _h |
||
| 082 |
_a575.10724 _bPRI/PR |
||
| 100 | _aPrimrose, Sandy B . | ||
| 245 |
_aPrinciples of genome analysis and genomics / _cS.B Primrose. _hTextual Documents |
||
| 250 |
_a3 / _b. |
||
| 260 |
_aOxford : _bBlackwell Scientific Publications , _c2007. |
||
| 300 | _a264 ; . | ||
| 365 | _a1295.00 | ||
| 504 | _a | ||
| 700 | 1 | _aTwyman, Richard M . | |
| 942 | _cBK | ||
| 999 |
_c13122 _d13122 |
||